00635nam a2200193Ia 4500008004100000020001500041082001500056100001500071245006600086250000600152260002500158300001000183500002400193650001000217942000700227952009500234952009500329999001700424230524s9999 xx 000 0 und d a8123911734 a526.9bJAC aJE Jackson 0aHigher Surveying (Plane and Geodetic Surveying for Engineers) a2 aNew DelhibCBSc2004 a288p; aQuantity Number: 2 aCivil cBK 00104070aTATCLbTATCLcGENd2023-05-24l0o526.9 JACp52909r2023-05-24w2023-05-24yBK 00104070aTATCLbTATCLcGENd2023-05-24l0o526.9 JACp52910r2023-05-24w2023-05-24yBK c55331d55331